Quick Pick: Burger King Menu Quiz Stats

 Plays Quiz Updated Nov 7, 2018

Challenge
Share
Tweet
Embed
Score 0/10 Timer 01:00
1 Play Today
% Correct
Whopper
88.3%
Bacon Cheeseburger
87.4%
Onion Rings
85.3%
Chicken Fries
78.2%
Big Fish Sandwich
76.2%
Egg & Cheese Croissan'wich
75.1%
Dutch Apple Pie
61.4%
Spicy Chicken Jr.
58.7%
Oreo Mint Shake
55.3%
Chili Cheese Grilled Dog
50.9%

Today's Daily Dose

You're not logged in!

Compare scores with friends on all Sporcle quizzes.
OR
Log In

You Might Also Like...

Show Comments

Extras

Top Quizzes Today


Score Distribution

Your Account Isn't Verified!

In order to create a playlist on Sporcle, you need to verify the email address you used during registration. Go to your Sporcle Settings to finish the process.

Report this User

Report this user for behavior that violates our Community Guidelines.

Details: